000 00456pab a2200157 454500
008 180718b2003 xxu||||| |||| 00| 0 eng d
100 _aMallick, Ayub
245 _aTribal economy and its patterns of transformation at Kanksa in Burdwan District, West Bengal - some observations
260 _c2003
300 _ap.161-72.
362 _aJan-Jun
650 _aTribes - India - West Bengal
650 _aTribes
773 _aMan in India
909 _a57486
999 _c57486
_d57486